De la filosofía

Saved in:
Bibliographic Details
Main Author: Gaos, José (Author)
Format: Book
Language:Spanish
Published: Ciudad de México Fondo de Cultura Económica 1962
Series:Publicaciones de Dianoia. Centro de Estudios Filosóficos
Subjects:
Tags: Add Tag
No Tags, Be the first to tag this record!

MARC

LEADER 00000nam a2200000 a 4500
001 UCZ3941
003 CL-VaPUC
008 951027e19620000MX |||||||||||||||||spa|d
082 0 4 |a 107  |b GAO  |2 21 
100 |a Gaos, José  |e author  |9 349134 
245 1 0 |a De la filosofía 
300 |a 474 p 
942 |c BK 
945 |d 19951027 00:00:00  |a lriquelm 
260 |a Ciudad de México  |b Fondo de Cultura Económica  |c 1962 
650 0 |a Filosofía   |9 223554 
650 0 |a Enseñanza  |9 256457 
650 0 |a Métodos de enseñanza  |9 270413 
650 0 |a Planificación de la educación   |9 307333 
650 0 |a Universidades  |9 256317 
583 |a last modification  |c 19951027 00:00:00  |k Rodrigo Vera 
490 0 |a Publicaciones de Dianoia. Centro de Estudios Filosóficos 
999 |c 240381  |d 240379 
952 |0 0  |1 0  |4 0  |6 107_000000000000000_GAO_1962  |7 0  |8 P  |9 252230  |a BIBEDU  |b BIBEDU  |c BIBEDU_PB  |d 2019-11-18  |i 1592580  |o 107 GAO 1962  |p 1592580  |r 2024-01-25  |w 2019-11-18  |y BK  |k FIL